000 02270nam a2200577 i 4500
001 15399
003 KOSZ 005
005 20200629110640.0
008 200414s1973 pl a f 000 0 pol
015 _aUWD 1973/8001
035 _a991034100719705066
035 _a(PL-WaBN)b19123590-48omnis_nlop
035 _ab19123590
035 _a(OCoLC)804327115
035 _a(PL)b0000001912359
035 _a(EXLNZ-48OMNIS_NETWORK)9910335792605606
040 _aWA N
_cWA N
_dKOSZ 005/RW
041 0 _apol
_beng
_brus
046 _k1973
080 _a69
080 _a536.7
080 _a519.61/.64
100 1 _aTomczak, Władysław
_eAutor
245 1 0 _aAnaliza sprzężonych procesów nieustalonego przepływu ciepła i substancji w ciałach porowatych /
_cWładysław Tomczak.
260 _aWrocław :
_bWydawnictwo Politechniki Wrocławskiej,
_c1973.
300 _a128 stron :
_bilustracje ;
_c24 cm.
336 _aTekst
_btxt
_2rdacontent
337 _aBez urządzenie pośredniczącego
_bn
_2rdamedia
338 _aWolumin
_bnc
_2rdacarrier
380 _aKsiążki
380 _aPublikacje naukowe
388 _a1901-2000
388 _a1945-1989
490 1 _aPrace Naukowe Instytutu Inżynierii Chemicznej i Urządzeń Cieplnych Politechniki Wrocławskiej. Monografie,
_x0084-2850 ;
_vnr 5
500 _aNumeracja serii głównej nr 12.
504 _aBibliografia na stronach 117-120.
546 _aStreszczenie w języku angielskim i rosyjskim.
650 7 _aAnaliza numeryczna
_2DBN
650 7 _aBudownictwo
_2DBN
650 7 _aTechnologia
650 7 _aPorowatość
_2DBN
650 7 _aTermodynamika techniczna
_2DBN
655 7 _aMonografia
658 _aInżynieria i technika
710 2 _aOficyna Wydawnicza Politechniki Wrocławskiej
_4pbl
830 0 _aPrace Naukowe Instytutu Inżynierii Chemicznej i Urządzeń Cieplnych Politechniki Wrocławskiej
_vnr 12
830 0 _aPrace Naukowe Instytutu Inżynierii Chemicznej i Urządzeń Cieplnych Politechniki Wrocławskiej.
_pMonografie
_vnr 5
856 _uhttp://koha.tu.koszalin.pl/cgi-bin/koha/opac-detail.pl?biblionumber=15399
_yKatalog online BPK
942 _2UKD
_cKS
999 _c15399
_d15399